000 00537nam a2200169 i 4500
001 59666
003 ES-MaACL
005 20230906164057.0
007 t|
008 031030s1962 sp ||||1| spa d
245 0 3 _aLa epopeya del hombre /
_c[realizada bajo la dirección de John Walters ; versión española de Juan Godo Costa].
260 _a[S.l.] :
_bLuis Miracle,
_c[1962]
300 _a305 p. :
_bil. ;
_c33 cm.
700 1 _aWalters, John.
_9116014
700 1 _aGodo Costa, Juan.
_957532
852 _aES-MaACL
_jC-24259
_bR.51601
999 _c59666
_d59666